01573cam a22003617a 4500003000500000005001700005008004100022010001000063011001000073035001000083040000900093090001000102100003900112245010800151260004000259300001500299502010500314590003700419590004100456590004100497590004100538590004200579650003000621650003300651710015300684901000700837942000900844949004200853949004700895999001700942952012500959952012701084CHAP20220329141536.0971013s1988 r 00010 d a69884 a70856 a80409 cCHAP aTesis00aLópez Velázquez, Fredy.968403 0aEstructura y comportamiento de la producción agrícola mundial de tomate en el período 1961 - 1986 aChapingo, Méx. :bEl autor,c1988 ac.a 121 h. aTesis (Ing. Agrónomo Esp. en Economía Agrícola) -- UACH. Departamento de Economía Agrícola aALEPHb10c20130110lUCH01h1409 aBATCH-UPDb10c20130110lUCH01h0735 aBATCH-UPDb10c20130410lUCH01h0418 aBATCH-UPDb10c20130914lUCH01h1734 aCONVERSIONb10c20130109lUCH01h133814aTomatexMercadeo.911373814aTomatexRendimiento.91137610 aUACH. Departamento de Economía Agrícola. Programa de Investigación sobre el uso del Microcomputador PC en el Análisis de Economía.9115864 aBK cFOLL bBCcTESd-33311eTS1h20640i80409si bBCcTESd-94908eTS2fc.2h20647i80409si c69884d69884 00102local4053708TESISaBCbBCcPA_TESISd2019-12-31fTESISl0p-94908r2019-12-31 00:00:00tc.2w2019-12-31yTESIS 00102local4051708TESISaBCbBCcPA_TESISd2019-12-31fTESISl0oTesisp-33311r2019-12-31 00:00:00w2019-12-31yTESIS